Armada de Chile
Bewaard in:
| Formaat: | Boek |
|---|---|
| Taal: | Spaans Engels |
| Gepubliceerd in: |
Valparaíso
Kactus
2005
|
| Onderwerpen: | |
| Tags: |
Voeg label toe
Geen labels, Wees de eerste die dit record labelt!
|
MARC
| LEADER | 00000nam a2200000 a 4500 | ||
|---|---|---|---|
| 001 | UCH4561 | ||
| 003 | CL-VaPUC | ||
| 008 | 090827e20050000CL |||||||||||||||||spa|d | ||
| 020 | |a 9567136319 | ||
| 041 | 0 | 7 | |a spa |2 CL-VaPUC |
| 041 | 0 | 7 | |a eng |2 CL-VaPUC |
| 082 | 0 | 4 | |a 359.00983 |b ARM |2 21 |
| 245 | 1 | 0 | |a Armada de Chile |
| 300 | |a 127 p | ||
| 942 | |c BK | ||
| 945 | |d 20090827 00:00:00 |a rbrito | ||
| 260 | |a Valparaíso |b Kactus |c 2005 | ||
| 600 | 0 | |a Armada de Chile |9 340497 | |
| 650 | 7 | |a OPERACIONES NAVALES |2 CL-VaPUC |9 494907 | |
| 650 | 7 | |a PERSONAL MARITIMO |2 CL-VaPUC |9 368600 | |
| 650 | 7 | |a MARINOS CHILENOS |2 CL-VaPUC |9 540126 | |
| 650 | 7 | |a HISTORIA NAVAL DE CHILE |2 CL-VaPUC |9 540127 | |
| 651 | 7 | |a CHILE |2 CL-VaPUC |9 540128 | |
| 583 | |a last modification |c 20090827 00:00:00 |k Rodrigo Vera | ||
| 999 | |c 335841 |d 335839 | ||
| 952 | |0 0 |1 0 |4 0 |6 359_009830000000000_ARM_2005 |7 0 |8 X |9 426578 |a FDOBUD |b FDOBUD |d 2019-11-22 |i 4592786 |o 359.00983 ARM 2005 |p 4592786 |r 2019-11-22 |w 2019-11-22 |y BK_X |k BUD | ||